Perspektívne technológie pre energetické využitie biomasy

Hodnota a stav súčasného využitia biomasy a náklady spojené s jej produkciou (pestovanie, zber a následná úprava alebo skladovanie). Využitie obrovského potenciálu biomasy – dostupnosť a cena biomasy.

Salvato in:
Dettagli Bibliografici
Autore principale: Szaryszová, Petra, 1984-
Altri autori: Štofová, Lenka, 1989-
Natura: Capitolo di libro
Lingua:slovacco
Soggetti:
Tags: Aggiungi Tag
Nessun Tag, puoi essere il primo ad aggiungerne!!

MARC

LEADER 00000naa a2200000 4500
001 0224773
005 20240502073700.7
041 0 |a slo 
044 |a SK 
245 1 0 |a Perspektívne technológie pre energetické využitie biomasy  |c Petra Szaryszová, Lenka Štofová 
520 |a Hodnota a stav súčasného využitia biomasy a náklady spojené s jej produkciou (pestovanie, zber a následná úprava alebo skladovanie). Využitie obrovského potenciálu biomasy – dostupnosť a cena biomasy. 
610 2 0 |a biomasa 
610 2 0 |a zdroje energie obnoviteľné 
610 2 0 |a objekty hospodárenia 
610 2 0 |a suroviny prírodné 
610 2 0 |a využitie zdrojov prírodných 
610 2 0 |a základňa surovinová 
100 1 |a Szaryszová, Petra, 1984- 
700 1 |a Štofová, Lenka, 1989-